[Event "Wroclaw Anderssen Memorial op-C"]
[Site "Wroclaw"]
[Date "2023.??.??"]
[Round "6"]
[White "Biela, Mikolaj"]
[Black "Gluszynski, Michal"]
[Result "1-0"]
[WhiteElo "1170"]
[BlackElo "1431"]
[PlyCount "67"]
[EventDate "2023.08.06"]
[EventType "swiss"]
[EventRounds "9"]
[EventCountry "POL"]
[SourceTitle "EXT 2024"]
[Source "ChessBase"]
[SourceDate "2023.10.10"]
[SourceVersion "1"]
[SourceVersionDate "2023.10.10"]
[SourceQuality "1"]

1. e4 e6 2. d4 d5 3. Nd2 c5 4. Ngf3 cxd4 5. Nxd4 Nf6 6. exd5 Nxd5 7. N2f3 Be7 8. Bd3 0-0 9. 0-0 Bd7 10. a3 Bf6 11. c4 Ne7 12. Be3 Nbc6 13. Rb1 Nxd4 14. Nxd4 Nc6 15. Nxc6 Bxc6 16. b4 a6 17. a4 Bxa4 18. Bxh7+ Kxh7 19. Qxa4 Rc8 20. b5 Qd7 21. Qa2 axb5 22. Rxb5 Qc6 23. Rc1 Rfd8 24. Qb1+ Kg8 25. Rxb7 Bd4 26. Bxd4 Rxd4 27. c5 Rg4 28. g3 Qd5 29. Qb5 Rg5 30. Rb8 Qd8 31. Rxc8 Qxc8 32. Qb6 Rf5 33. c6 Kh7 34. c7 1-0

[Event "Poznan op 28th"]
[Site "Poznan"]
[Date "2021.08.19"]
[Round "6"]
[White "Gluszynski, Michal"]
[Black "Duszczak, Dariusz"]
[Result "1/2-1/2"]
[WhiteElo "1302"]
[BlackElo "1822"]
[PlyCount "85"]
[EventDate "2021.08.15"]
[EventType "swiss"]
[EventRounds "9"]
[EventCountry "POL"]
[SourceTitle "CBM 203 Extra"]
[Source "ChessBase"]
[SourceDate "2021.09.30"]
[SourceVersion "1"]
[SourceVersionDate "2021.09.30"]
[SourceQuality "1"]

1. e4 c6 2. d4 d5 3. Nc3 dxe4 4. Nxe4 Nf6 5. Nxf6+ gxf6 6. c3 Bf5 7. Nf3 e6 8. g3 Qd5 9. Bg2 Qc4 10. Bf1 Qd5 11. Bg2 Qe4+ 12. Be3 Qd3 13. Qxd3 Bxd3 14. 0-0-0 Be4 15. Bf4 Nd7 16. Rhe1 f5 17. Re3 Bg7 18. Bh3 Nf6 19. Nd2 b5 20. b3 Nd5 21. Nxe4 fxe4 22. Ree1 Nxc3 23. Rd2 0-0-0 24. Re3 b4 25. Be5 Bxe5 26. dxe5 Rxd2 27. Kxd2 Rd8+ 28. Kc2 Rd5 29. f4 Kd7 30. a3 a5 31. axb4 axb4 32. Bg2 Ra5 33. Bxe4 Ra2+ 34. Kd3 Rxh2 35. Kc4 Rh3 36. Bg2 Rh2 37. Bf3 Na2 38. Re2 Rxe2 39. Bxe2 Nc3 40. Bf3 Nd5 41. Bxd5 exd5+ 42. Kxb4 Ke6 43. Kc5 1/2-1/2

[Event "Poznan op 28th"]
[Site "Poznan"]
[Date "2021.08.16"]
[Round "3"]
[White "Litke, Slawomir"]
[Black "Gluszynski, Michal"]
[Result "1-0"]
[WhiteElo "1623"]
[BlackElo "1302"]
[PlyCount "51"]
[EventDate "2021.08.15"]
[EventType "swiss"]
[EventRounds "9"]
[EventCountry "POL"]
[SourceTitle "CBM 203 Extra"]
[Source "ChessBase"]
[SourceDate "2021.09.30"]
[SourceVersion "1"]
[SourceVersionDate "2021.09.30"]
[SourceQuality "1"]

1. e4 e6 2. Nf3 c5 3. d4 cxd4 4. Nxd4 a6 5. Be2 Nf6 6. Nc3 Qc7 7. 0-0 b5 8. Bf3 e5 9. Nf5 Bb7 10. Nd5 Bxd5 11. exd5 d6 12. Re1 Nbd7 13. c3 Rc8 14. a4 Nb6 15. axb5 axb5 16. Nd4 Nbxd5 17. Nxb5 Qc5 18. Na7 Rc7 19. Qa4+ Rd7 20. c4 Ne7 21. Nc6 Nc8 22. Nb8 Nb6 23. Nxd7 Nfxd7 24. Qa7 Be7 25. Be3 Qb4 26. Bc6 1-0